Armes Médiévales - Statistiques

Statistiques générales
  • Ce quiz a été pris 79 fois
  • Le résultat moyen est 10 sur 27
Statistiques - réponses
Par images Réponse % Correct
Arc
89%
Dague
86%
Arbalète
82%
Hache
81%
Bouclier
79%
Lance
72%
Fronde
54%
Flèches
51%
Hallebarde
46%
Masse d'arme
42%
Espadon
37%
Pavois
33%
Marteau de guerre
32%
Epée Batarde
30%
Fléau d'arme
30%
Fauchon
28%
Bocle
26%
Bouclier viking
18%
Messer
16%
Epée deux mains
12%
Epée une main
12%
Epée viking
12%
Dague à rouelle
9%
Scramasax
9%
Dague à couillette
5%
Dussack
2%
Federschwerts
2%
Aucun quiz correspondant
Distribution des résultats
% des personnes avec chaque résultat
Percentile par nombre de réponses
Votre historique - résultats
Vous n’avez pas pris ce quiz